| 000 | 01146nam a22002417a 4500 | ||
|---|---|---|---|
| 010 | _aB-082433 | ||
| 020 | _c200.00 | ||
| 035 | _aB-082433 | ||
| 037 | _aCen Lib / Ret | ||
| 040 |
_aDPL _bPN |
||
| 082 |
_2455 _aਚੀਮਾਬ |
||
| 100 |
_aਚੀਮਾ, ਬਲਦੇਵ ਸਿੰਘ _9131883 |
||
| 245 |
_aਪੰਜਾਬੀ ਵਿਯਾਕਰਣ ਅਤੇ ਭਾਸ਼ਾ ਵਿਗਿਆਾਨ : _bਤਕਨੀਕੀ ਸ਼ਬਦਾਵਲੀ ਦਾ ਵਿਸ਼ਾ-ਕੋਸ਼ / _cਬਲਦੇਵ ਸਿੰਘ ਚੀਮਾ |
||
| 246 |
_aPunjabi vivakaran ate bhasha vigyan : takniki shabdavali da visha-kosh / _bby Baldev Singh Cheema |
||
| 260 |
_aਪਟਿਆਲਾ _bਪੰਜਾਬੀ ਯੂਨੀਵਰਸਿਟੀ _c2000 |
||
| 270 |
_aਪੰਜਾਬੀ ਯੂਨੀਵਰਸਿਟੀ _bਪਟਿਆਲਾ |
||
| 300 |
_a250p ; _b24cm |
||
| 650 |
_aPanjabi language -- Grammar. _9131884 |
||
| 650 |
_aਪੰਜਾਬੀ ਭਾਸ਼ਾ - ਵਿਆਕਰਣ. _9131885 |
||
| 650 |
_aPunjabi language _93263 |
||
| 650 |
_aਪੰਜਾਬੀ ਭਾਸ਼ਾ _9131886 |
||
| 942 |
_2ddc _cPN _h455 _mਚੀਮਾਬ |
||
| 999 |
_c110834 _d110834 |
||